000 00293nam a2200133 4500
008 190122s1985||||xo d
245 1 0 _aHospodársky zemepis
250 _a1. vydanie
260 _bSPN
_aBratislava
_c1985
020 _c0
041 1 _aslo
044 _axo
_cSK
958 _aAPR
999 _c22009
_d22009